000 00385nam a22001457a 4500
003 OSt
005 20160727222523.0
008 160709b xxu||||| |||| 00| 0 eng d
040 _cTEST
100 _92508
_a Carlile, J.C
245 _aCharles Spurgeon: The Great Orator
260 _aUSA
_b Barbour & CompaN.Y
_c2000
300 _aCharles Spurgeon: The Great Orator
942 _2ddc
_cBK
999 _c2175
_d2175